00000000nam##2200000za#4500
0019.628137
003CaOODSP
00520210615105622
007ta
008150406|2008||||xxc|||||     f|0| 0 fre|d
022 |a0706-6570
040 |aCaOODSP|bfre
043 |an-cn---
0861 |aFs97-6/2820F
1101 |aCanada. |bMinistère des pêches et des océans.
24510|aExpériences de culture de l'algue brune Saccharina longicruris en 2007 : |bessais en bassin et en mer au large de Paspébiac et de Grande-Rivière (Quebec) / |c[par] Louise Gendron et Éric Tamigneaux.
260 |aMont-Joli - Québec : |bPêches et Océans Canada |cc2008.
300 |ax, 48p. : |bfigures, graphiques, cartes, références, tableaux, photographies ; |c28 cm.
4901 |aRapport technique canadien des sciences halieutiques et aquatiques|x0706-6570|vN° 2820
500 |a"Direction régionale des Sciences, Pêches et Océans Canada, Institut Maurice-Lamontagne, 850 route de la Mer, Mont-Joli (Québec), G5H 3Z4".
546 |a(Abstract in English)
563 |aCouverture souple
590 |a09-08|b2009-02-20
7201 |aGendron, Louise
7201 |aTamigneaux, Éric
7760#|tExpériences de culture de l'algue brune Saccharina longicruris en 2007 : |w(CaOODSP)9.604072
830#0|aRapport technique canadien des sciences halieutiques et aquatiques,|x0706-6570|vN° 2820|w(CaOODSP)9.513015